01345nab a22002177a 4500003000400000005001700004008004100021040000700062100003600069245007600105260007300181300001500254500007200269505044600341505008900787650002900876650002600905650002900931650003400960773013300994OSt20251226233133.0190603e xxum|||| |||| 00| 0 spa d cPJ aCompagnucci de Caso, Rubén H.10aResponsabilidad civil de los padres /cRubén H. Compagnucci de Caso.  cCiudad Autónoma de Buenos Aires :aThomson Reuters La Ley, b2025. ap. 129-136 aCita: TR LALEY AR/DOC/1769/2025 Publicado en: RCCyC 2025 (agosto). aSumario: I. Introducción.— II. Breves antecedentes históricos.— III. Legislación nacional.— IV. Fundamentos de la responsabilidad.— V. Personas responsables.— VI. Requisitos de la responsabilidad.— VII. Minoridad y sometimiento a responsabilidad parental.— VIII. Habitación.— IX. Acto ilícito que cause daños a terceros.— X. Causales de exención.— XI. Acciones de la víctima.— XII. Acción recursoria.  t¿Te interesa el texto completo? Solicitalo al correo: koha@justierradelfuego.gov.ar 0aCODIGO CIVIL Y COMERCIAL 0aRESPONSABILIDAD CIVIL 0aRESPONSABILIDAD PARENTAL 0aRESPONSABILIDAD DE LOS PADRES0 02713dCiudad Autónoma de Buenos Aires : Thomson Reuters La Ley, 2015-tRevista Código Civil y Comercial. Nº 4 - Agosto 2025